[Event "2nd Gujarat Open 2019"]
[Site "Ahmedabad, Gujarat"]
[Date "2019.09.28"]
[Round "9.32"]
[White "Harshita Guddanti"]
[Black "Priyankara, Chamil"]
[Result "1-0"]
[WhiteElo "2168"]
[BlackElo "1917"]
[Annotator "NA"]
[PlyCount "45"]
[EventDate "2019.09.22"]
[EventType "swiss"]
[EventCountry "IND"]
[SourceTitle "playchess.com"]
[Source "ChessBase"]
[SourceQuality "1"]
[TimeControl "5400+30"]

1. e4 {[%emt 0:00:01]} g6 {[%emt 0:02:13]} 2. d4 {[%emt 0:00:32]} Bg7 {[%emt 0:00:01]} 3. Nc3 {[%emt 0:01:56]} d6 {[%emt 0:00:31]} 4. Bg5 {[%emt 0:03:19]} c5 {[%emt 0:06:27]} 5. dxc5 {[%emt 0:02:05]} Qa5 {[%emt 0:01:22]} 6. Qd2 {[%emt 0:02:30]} Bxc3 {[%emt 0:07:08]} 7. bxc3 {[%emt 0:02:11]} Qxc5 {[%emt 0:00:52]} 8. Nf3 {[%emt 0:03:04]} Nf6 {[%emt 0:06:09]} 9. Bd3 {[%emt 0:07:34]} Nbd7 {[%emt 0:02:23]} 10. Bh6 {[%emt 0:05:27]} b6 {[%emt 0:04:36]} 11. O-O {[%emt 0:05:48]} Bb7 {[%emt 0:00:03]} 12. Rfe1 {[%emt 0:02:14]} Rg8 {[%emt 0:36:45]} 13. Bg5 {[%emt 0:08:16]} Ng4 {[%emt 0:10:04]} 14. a4 {[%emt 0:11:26]} a6 {[%emt 0:01:28]} 15. h3 {[%emt 0:02:19]} Nge5 {[%emt 0:00:03]} 16. Nxe5 {[%emt 0:00:49]} dxe5 {[%emt 0:01:10]} 17. Red1 {[%emt 0:07:40]} O-O-O {[%emt 0:05:16]} 18. Qe2 {[%emt 0:03:10]} f6 {[%emt 0:04:03]} 19. Be3 {[%emt 0:01:33]} Qxc3 {[%emt 0:03:25]} 20. Bxa6 {[%emt 0:00:26]} Nc5 {[%emt 0:00:09]} 21. Bxb7+ {[%emt 0:01:31]} Kxb7 {[%emt 0:00:19]} 22. Rdb1 {[%emt 0:01:50]} Ra8 {[%emt 0:00:42]} 23. Qb5 {[%emt 0:02:35]} 1-0

[Event "2nd Gujarat Open 2019"]
[Site "Ahmedabad, Gujarat"]
[Date "2019.09.28"]
[Round "9.33"]
[White "Saypuri Srithan"]
[Black "Soham Datar"]
[Result "1/2-1/2"]
[WhiteElo "1865"]
[BlackElo "2160"]
[Annotator "NA"]
[PlyCount "153"]
[EventDate "2019.09.22"]
[EventType "swiss"]
[EventCountry "IND"]
[SourceTitle "playchess.com"]
[Source "ChessBase"]
[SourceQuality "1"]
[TimeControl "5400+30"]

1. e4 {[%emt 0:00:04]} c5 {[%emt 0:00:00]} 2. Nf3 {[%emt 0:00:13]} d6 {[%emt 0:00:16]} 3. Bb5+ {[%emt 0:00:06]} Bd7 {[%emt 0:00:06]} 4. Bxd7+ {[%emt 0:00:04]} Qxd7 {[%emt 0:00:04]} 5. c4 {[%emt 0:00:03]} Nc6 {[%emt 0:00:08]} 6. Nc3 {[%emt 0:00:06]} g6 {[%emt 0:00:37]} 7. d4 {[%emt 0:00:06]} cxd4 {[%emt 0:00:04]} 8. Nxd4 {[%emt 0:00:03]} Bg7 {[%emt 0:00:04]} 9. Be3 {[%emt 0:00:04]} Nf6 {[%emt 0:00:03]} 10. f3 {[%emt 0:00:03]} O-O {[%emt 0:00:03]} 11. O-O {[%emt 0:00:07]} Rfd8 {[%emt 0:01:17]} 12. Nxc6 {[%emt 0:07:26]} bxc6 {[%emt 0:05:48]} 13. Qe2 {[%emt 0:07:39]} Qb7 {[%emt 0:04:58]} 14. Rfd1 {[%emt 0:04:52]} Rab8 {[%emt 0:01:25]} 15. Rab1 {[%emt 0:00:29]} Qa6 {[%emt 0:14:30]} 16. Bd4 {[%emt 0:09:10]} Nd7 {[%emt 0:15:27]} 17. Bxg7 {[%emt 0:00:45]} Kxg7 {[%emt 0:00:03]} 18. b3 {[%emt 0:02:01]} Qa3 {[%emt 0:01:57]} 19. Na4 {[%emt 0:07:05]} Nc5 {[%emt 0:05:52]} 20. Nxc5 {[%emt 0:03:51]} Qxc5+ {[%emt 0:02:58]} 21. Qf2 {[%emt 0:00:08]} Qxf2+ {[%emt 0:03:22]} 22. Kxf2 {[%emt 0:00:06]} c5 {[%emt 0:00:32]} 23. Rd3 {[%emt 0:03:09]} a5 {[%emt 0:05:17]} 24. Rbd1 {[%emt 0:01:30]} f6 {[%emt 0:02:27]} 25. Ke2 {[%emt 0:07:10]} Kf7 {[%emt 0:00:34]} 26. Kd2 {[%emt 0:00:11]} a4 {[%emt 0:00:13]} 27. Kc2 {[%emt 0:00:04]} axb3+ {[%emt 0:00:08]} 28. axb3 {[%emt 0:00:05]} Ra8 {[%emt 0:00:47]} 29. Kb2 {[%emt 0:00:07]} Ra7 {[%emt 0:00:48]} 30. Ra1 {[%emt 0:00:05]} Rxa1 {[%emt 0:00:16]} 31. Kxa1 {[%emt 0:00:05]} Ke6 {[%emt 0:00:31]} 32. Rd5 {[%emt 0:04:45]} Ra8+ {[%emt 0:06:21]} 33. Kb2 {[%emt 0:00:08]} Kd7 {[%emt 0:00:22]} 34. Rd1 {[%emt 0:03:47]} Ke6 {[%emt 0:00:49]} 35. Rd5 {[%emt 0:00:05]} Rc8 {[%emt 0:00:58]} 36. f4 h5 {[%emt 0:04:14]} 37. Kc3 {[%emt 0:04:59]} Ra8 {[%emt 0:01:47]} 38. Kb2 {[%emt 0:00:16]} Rg8 {[%emt 0:01:01]} 39. Kc3 {[%emt 0:06:36]} Ra8 {[%emt 0:02:53]} 40. Kb2 {[%emt 0:00:07]} h4 {[%emt 0:01:55]} 41. e5 {[%emt 0:07:37]} Rh8 {[%emt 0:02:25]} 42. exd6 {[%emt 0:00:58]} exd6 {[%emt 0:00:01]} 43. Kc3 {[%emt 0:00:20]} Ra8 {[%emt 0:02:40]} 44. Kb2 {[%emt 0:00:27]} Ra6 {[%emt 0:00:08]} 45. Kb1 Ra3 {[%emt 0:00:08]} 46. Kb2 {[%emt 0:09:23]} Ra8 {[%emt 0:00:06]} 47. Rd3 {[%emt 0:04:32]} Rh8 {[%emt 0:00:34]} 48. Kc3 {[%emt 0:01:50]} Rh7 49. Rd5 {[%emt 0:01:10]} Ra7 {[%emt 0:01:16]} 50. Kb2 {[%emt 0:00:18]} Rb7 {[%emt 0:00:27]} 51. Kc3 {[%emt 0:00:12]} Ra7 {[%emt 0:01:10]} 52. Kb2 {[%emt 0:00:33]} Rg7 {[%emt 0:01:06]} 53. Kc3 {[%emt 0:00:35]} Rg8 {[%emt 0:01:13]} 54. Kc2 {[%emt 0:02:44]} Re8 {[%emt 0:03:23]} 55. g4 {[%emt 0:03:22]} hxg3 {[%emt 0:00:28]} 56. hxg3 {[%emt 0:00:03]} f5 {[%emt 0:01:05]} 57. Rd3 {[%emt 0:00:34]} Kd7 {[%emt 0:00:41]} 58. Kd2 {[%emt 0:00:24]} Rh8 {[%emt 0:01:12]} 59. Re3 {[%emt 0:00:08]} Rh2+ {[%emt 0:01:01]} 60. Kc3 {[%emt 0:00:04]} Rg2 {[%emt 0:00:27]} 61. Kd3 {[%emt 0:00:47]} Kc6 {[%emt 0:00:06]} 62. Kc3 {[%emt 0:01:02]} Rg1 {[%emt 0:00:43]} 63. Kc2 {[%emt 0:01:18]} Rg2+ {[%emt 0:03:35]} 64. Kc3 {[%emt 0:00:03]} Rg1 {[%emt 0:01:27]} 65. Kd3 {[%emt 0:00:23]} Kb6 {[%emt 0:00:26]} 66. Kc3 {[%emt 0:00:02]} Kc6 {[%emt 0:01:58]} 67. Kd3 {[%emt 0:00:05]} Kd7 {[%emt 0:00:24]} 68. Kc3 {[%emt 0:00:32]} Rb1 {[%emt 0:00:29]} 69. Kc2 {[%emt 0:00:18]} Ra1 {[%emt 0:00:05]} 70. Kb2 {[%emt 0:00:11]} Rf1 {[%emt 0:00:06]} 71. Kc3 {[%emt 0:00:02]} Rf2 {[%emt 0:01:27]} 72. Kd3 {[%emt 0:00:05]} Rh2 {[%emt 0:01:53]} 73. Kc3 {[%emt 0:00:22]} Rh3 {[%emt 0:00:13]} 74. Kd3 {[%emt 0:00:18]} Kc6 {[%emt 0:00:04]} 75. Kd2 {[%emt 0:02:01]} Kb6 {[%emt 0:00:55]} 76. Rd3 {[%emt 0:00:14]} Kc6 {[%emt 0:01:28]} 77. Re3 {[%emt 0:00:05]} 1/2-1/2

[Event "2nd Gujarat Open 2019"]
[Site "Ahmedabad, Gujarat"]
[Date "2019.09.28"]
[Round "9.34"]
[White "Sanket Chakravarty"]
[Black "Potawad Anirudhha"]
[Result "1/2-1/2"]
[WhiteElo "2158"]
[BlackElo "1914"]
[Annotator "NA"]
[PlyCount "92"]
[EventDate "2019.09.22"]
[EventType "swiss"]
[EventCountry "IND"]
[SourceTitle "playchess.com"]
[Source "ChessBase"]
[SourceQuality "1"]
[TimeControl "5400+30"]

1. c4 {[%emt 0:00:00]} e5 {[%emt 0:00:00]} 2. g3 {[%emt 0:00:00]} Nc6 {[%emt 0:00:32]} 3. Bg2 {[%emt 0:00:00]} g6 {[%emt 0:00:35]} 4. Nc3 {[%emt 0:00:19]} Bg7 {[%emt 0:00:08]} 5. e4 {[%emt 0:00:48]} Nge7 {[%emt 0:00:37]} 6. Nge2 {[%emt 0:00:10]} d6 {[%emt 0:01:03]} 7. d3 {[%emt 0:00:07]} O-O {[%emt 0:00:19]} 8. O-O {[%emt 0:00:49]} f5 {[%emt 0:00:09]} 9. Be3 {[%emt 0:01:14]} Be6 {[%emt 0:02:08]} 10. Nd5 {[%emt 0:00:35]} Qd7 {[%emt 0:03:42]} 11. Qd2 {[%emt 0:02:44]} Rab8 {[%emt 0:11:10]} 12. Rac1 {[%emt 0:07:40]} b6 {[%emt 0:08:32]} 13. b4 {[%emt 0:03:15]} Nd4 {[%emt 0:03:00]} 14. Nxd4 {[%emt 0:05:52]} exd4 {[%emt 0:00:32]} 15. Bg5 {[%emt 0:00:55]} Nc6 {[%emt 0:09:31]} 16. c5 {[%emt 0:15:33]} Bxd5 {[%emt 0:07:49]} 17. exd5 {[%emt 0:00:06]} Ne5 {[%emt 0:00:08]} 18. c6 {[%emt 0:01:45]} Qc8 {[%emt 0:00:15]} 19. b5 {[%emt 0:01:36]} a6 {[%emt 0:01:05]} 20. a4 {[%emt 0:00:44]} axb5 {[%emt 0:01:47]} 21. axb5 {[%emt 0:00:05]} Ra8 {[%emt 0:00:08]} 22. Ra1 {[%emt 0:00:19]} Nf7 {[%emt 0:02:59]} 23. Bh4 h6 {[%emt 0:01:21]} 24. f4 {[%emt 0:01:13]} Re8 {[%emt 0:01:51]} 25. Rae1 {[%emt 0:01:16]} Ra3 {[%emt 0:05:40]} 26. Rxe8+ {[%emt 0:01:44]} Qxe8 {[%emt 0:00:02]} 27. Re1 {[%emt 0:00:38]} Qa8 {[%emt 0:00:28]} 28. Re7 {[%emt 0:01:37]} Ra2 {[%emt 0:02:52]} 29. Qb4 {[%emt 0:07:05]} Ra4 {[%emt 0:09:16]} 30. Qb2 {[%emt 0:04:05]} Ra2 {[%emt 0:00:21]} 31. Qb4 {[%emt 0:11:21]} Ra4 {[%emt 0:00:12]} 32. Qb2 {[%emt 0:08:45]} Ra2 {[%emt 0:00:23]} 33. Qxa2 {[%emt 0:12:08]} Qxa2 {[%emt 0:00:47]} 34. Rxc7 {[%emt 0:00:02]} Qc2 {[%emt 0:15:26]} 35. Bf1 {[%emt 0:00:48]} g5 {[%emt 0:01:42]} 36. Rb7 {[%emt 0:01:22]} Qc5 {[%emt 0:00:26]} 37. Bh3 {[%emt 0:04:03]} Qc1+ {[%emt 0:05:39]} 38. Bf1 {[%emt 0:00:04]} gxh4 {[%emt 0:03:18]} 39. Rxb6 {[%emt 0:00:01]} h3 {[%emt 0:02:10]} 40. Rb8+ {[%emt 0:00:03]} Kh7 {[%emt 0:00:01]} 41. b6 {[%emt 0:00:13]} Qe3+ {[%emt 0:00:15]} 42. Kh1 {[%emt 0:00:01]} Qe1 {[%emt 0:01:12]} 43. Kg1 {[%emt 0:00:04]} Qe3+ {[%emt 0:00:57]} 44. Kh1 {[%emt 0:00:01]} Qe1 {[%emt 0:00:01]} 45. Kg1 {[%emt 0:00:06]} Qc1 46. Kh1 Qe3 {Kg2 Qf3+ Kxh3 Qe3} 1/2-1/2

[Event "2nd Gujarat Open 2019"]
[Site "Ahmedabad, Gujarat"]
[Date "2019.09.28"]
[Round "9.35"]
[White "Chauhan, Joy"]
[Black "Aradhya, Garg"]
[Result "0-1"]
[WhiteElo "1872"]
[BlackElo "2157"]
[Annotator "NA"]
[PlyCount "48"]
[EventDate "2019.09.22"]
[EventType "swiss"]
[EventCountry "IND"]
[SourceTitle "playchess.com"]
[Source "ChessBase"]
[SourceQuality "1"]
[TimeControl "5400+30"]

1. b3 {[%emt 0:01:15]} d5 {[%emt 0:00:00]} 2. Bb2 {[%emt 0:00:22]} c5 {[%emt 0:03:09]} 3. e3 {[%emt 0:00:41]} Nc6 {[%emt 0:00:14]} 4. Bb5 {[%emt 0:01:53]} f6 {[%emt 0:04:20]} 5. f4 {[%emt 0:04:41]} e6 {[%emt 0:05:38]} 6. Nf3 {[%emt 0:01:44]} Bd6 {[%emt 0:05:24]} 7. O-O {[%emt 0:01:38]} Nge7 {[%emt 0:00:26]} 8. c4 {[%emt 0:02:06]} O-O {[%emt 0:00:19]} 9. Nh4 {[%emt 0:01:51]} d4 {[%emt 0:07:48]} 10. Bxc6 {[%emt 0:01:39]} Nxc6 {[%emt 0:00:27]} 11. e4 {[%emt 0:11:09]} f5 {[%emt 0:04:32]} 12. g3 {[%emt 0:08:31]} fxe4 {[%emt 0:00:06]} 13. Qe2 {[%emt 0:01:14]} e5 {[%emt 0:01:11]} 14. f5 {[%emt 0:01:18]} Be7 {[%emt 0:00:30]} 15. f6 {[%emt 0:11:42]} Rxf6 {[%emt 0:09:30]} 16. Rxf6 {[%emt 0:05:21]} Bxf6 {[%emt 0:00:08]} 17. Qxe4 {[%emt 0:03:38]} Bxh4 {[%emt 0:00:33]} 18. gxh4 {[%emt 0:00:30]} Qf6 19. d3 {[%emt 0:06:59]} Bh3 {[%emt 0:02:45]} 20. Nd2 {[%emt 0:01:31]} Rf8 {[%emt 0:00:06]} 21. Qe2 {[%emt 0:00:30]} Ne7 {[%emt 0:10:11]} 22. Ne4 {[%emt 0:09:46]} Qxh4 {[%emt 0:00:40]} 23. Ng3 {[%emt 0:00:40]} Ng6 {[%emt 0:00:50]} 24. Re1 {[%emt 0:01:15]} Nf4 0-1

[Event "2nd Gujarat Open 2019"]
[Site "Ahmedabad, Gujarat"]
[Date "2019.09.29"]
[Round "10.1"]
[White "Rozum, Ivan"]
[Black "Neelash Saha"]
[Result "1/2-1/2"]
[WhiteElo "2596"]
[BlackElo "2334"]
[Annotator "ChessBase"]
[PlyCount "29"]
[EventDate "2019.09.22"]
[EventType "swiss"]
[EventCountry "IND"]
[SourceTitle "playchess.com"]
[Source "ChessBase"]
[SourceQuality "1"]
[TimeControl "5400+30"]

1. d4 {[%emt 0:00:00]} Nf6 {[%emt 0:00:00]} 2. c4 {[%emt 0:00:00]} e6 {[%emt 0:00:00]} 3. g3 {[%emt 0:00:00]} d5 {[%emt 0:01:27]} 4. Nf3 {[%emt 0:00:02]} Bb4+ {[%emt 0:00:30]} 5. Bd2 {[%emt 0:01:41]} Be7 {[%emt 0:00:05]} 6. Bg2 {[%emt 0:00:11]} O-O {[%emt 0:00:08]} 7. O-O {[%emt 0:00:09]} Nbd7 {[%emt 0:00:13]} 8. Qc2 {[%emt 0:00:36]} c6 {[%emt 0:00:05]} 9. Rd1 {[%emt 0:01:50]} b6 {[%emt 0:00:06]} 10. Bf4 {[%emt 0:00:34]} Nh5 {[%emt 0:00:05]} 11. Bc1 {[%emt 0:01:01]} Nhf6 {[%emt 0:00:04]} 12. Bf4 {[%emt 0:02:43]} Nh5 {[%emt 0:00:04]} 13. Bc1 {[%emt 0:00:09]} Nhf6 {[%emt 0:00:04]} 14. Bf4 {[%emt 0:00:42]} Nh5 {[%emt 0:00:05]} 15. Bc1 {[%emt 0:00:11]} 1/2-1/2

[Event "2nd Gujarat Open 2019"]
[Site "Ahmedabad, Gujarat"]
[Date "2019.09.29"]
[Round "10.2"]
[White "Chanda, Sandipan"]
[Black "Saptarshi, Roy"]
[Result "1-0"]
[WhiteElo "2529"]
[BlackElo "2480"]
[Annotator "ChessBase"]
[PlyCount "103"]
[EventDate "2019.09.22"]
[EventType "swiss"]
[EventCountry "IND"]
[SourceTitle "playchess.com"]
[Source "ChessBase"]
[SourceQuality "1"]
[TimeControl "5400+30"]

1. d4 {[%emt 0:00:00]} Nf6 {[%emt 0:00:00]} 2. c4 {[%emt 0:00:00]} e6 {[%emt 0:00:01]} 3. Nc3 {[%emt 0:00:06]} Bb4 {[%emt 0:00:19]} 4. e3 {[%emt 0:00:16]} O-O {[%emt 0:00:10]} 5. Bd2 {[%emt 0:00:10]} d5 {[%emt 0:00:28]} 6. Nf3 {[%emt 0:00:12]} b6 {[%emt 0:00:12]} 7. cxd5 {[%emt 0:00:09]} exd5 {[%emt 0:00:06]} 8. Rc1 {[%emt 0:00:09]} Bb7 {[%emt 0:00:24]} 9. Bd3 {[%emt 0:00:11]} Nbd7 {[%emt 0:00:20]} 10. O-O {[%emt 0:00:12]} Be7 {[%emt 0:00:31]} 11. Qc2 {[%emt 0:01:44]} c5 {[%emt 0:02:30]} 12. Ne5 {[%emt 0:00:09]} cxd4 {[%emt 0:07:06]} 13. exd4 {[%emt 0:01:18]} Nxe5 {[%emt 0:02:00]} 14. dxe5 {[%emt 0:00:08]} Ne4 {[%emt 0:00:05]} 15. Rcd1 {[%emt 0:02:07]} Rc8 {[%emt 0:02:46]} 16. Qb1 {[%emt 0:00:20]} f5 {[%emt 0:15:49]} 17. exf6 {[%emt 0:02:42]} Nxf6 {[%emt 0:00:08]} 18. Bf5 {[%emt 0:06:39]} d4 {[%emt 0:18:55]} 19. Bg5 {[%emt 0:06:55]} h6 {[%emt 0:12:24]} 20. Bxf6 {[%emt 0:02:42]} Bxf6 {[%emt 0:00:18]} 21. Bxc8 {[%emt 0:00:58]} Qxc8 {[%emt 0:00:05]} 22. Ne4 {[%emt 0:07:18]} Be5 {[%emt 0:00:13]} 23. Rfe1 {[%emt 0:04:46]} Rf4 {[%emt 0:08:51]} 24. Ng3 {[%emt 0:09:33]} Qc6 {[%emt 0:04:34]} 25. f3 {[%emt 0:00:49]} Qd6 {[%emt 0:03:30]} 26. Qd3 {[%emt 0:05:14]} Bd5 {[%emt 0:15:38]} 27. Qe2 {[%emt 0:04:07]} Bf6 {[%emt 0:00:07]} 28. Nh5 {[%emt 0:01:40]} Rf5 {[%emt 0:01:37]} 29. Nxf6+ {[%emt 0:00:10]} Qxf6 {[%emt 0:00:05]} 30. Qe7 {[%emt 0:01:08]} Rxf3 {[%emt 0:03:24]} 31. Qxf6 {[%emt 0:00:55]} Rxf6 {[%emt 0:00:04]} 32. b3 {[%emt 0:01:55]} Rg6 {[%emt 0:00:24]} 33. g3 {[%emt 0:00:10]} Rg4 {[%emt 0:00:53]} 34. Re8+ {[%emt 0:00:34]} Kf7 {[%emt 0:01:32]} 35. Rd8 {[%emt 0:00:06]} Rg5 {[%emt 0:01:07]} 36. Rxd4 {[%emt 0:00:26]} Ke6 {[%emt 0:00:04]} 37. Ra4 {[%emt 0:04:28]} a5 {[%emt 0:00:15]} 38. Rb8 {[%emt 0:00:17]} Bc6 {[%emt 0:00:17]} 39. Rxb6 {[%emt 0:00:28]} Kd7 {[%emt 0:00:06]} 40. Rc4 {[%emt 0:00:18]} Bb5 {[%emt 0:00:22]} 41. Rb7+ {[%emt 0:01:08]} Kd6 {[%emt 0:00:08]} 42. Rd4+ {[%emt 0:00:47]} Kc5 {[%emt 0:00:25]} 43. Rf4 {[%emt 0:00:22]} g6 {[%emt 0:00:19]} 44. Ra7 {[%emt 0:01:41]} Kb6 {[%emt 0:00:10]} 45. Rg7 {[%emt 0:00:09]} Bd3 {[%emt 0:00:20]} 46. Kf2 {[%emt 0:01:03]} Rd5 {[%emt 0:01:25]} 47. Ke3 {[%emt 0:01:45]} Bb1 {[%emt 0:00:43]} 48. Rf6+ {[%emt 0:01:17]} Kc5 {[%emt 0:00:06]} 49. Rc7+ {[%emt 0:00:26]} Kb4 50. Rc4+ {[%emt 0:00:38]} Ka3 {[%emt 0:00:11]} 51. Rf2 {[%emt 0:01:39]} Re5+ {[%emt 0:01:10]} 52. Kd4 {[%emt 0:00:23]} 1-0

[Event "2nd Gujarat Open 2019"]
[Site "Ahmedabad, Gujarat"]
[Date "2019.09.29"]
[Round "10.3"]
[White "Vasquez Schroeder, Rodrigo"]
[Black "Das, Sayantan"]
[Result "1-0"]
[WhiteElo "2476"]
[BlackElo "2434"]
[Annotator "ChessBase"]
[PlyCount "69"]
[EventDate "2019.09.22"]
[EventType "swiss"]
[EventCountry "IND"]
[SourceTitle "playchess.com"]
[Source "ChessBase"]
[SourceQuality "1"]
[TimeControl "5400+30"]

1. d4 {[%emt 0:00:00]} Nf6 {[%emt 0:00:04]} 2. c4 {[%emt 0:00:00]} g6 {[%emt 0:00:12]} 3. g3 {[%emt 0:00:04]} Bg7 {[%emt 0:00:30]} 4. Bg2 {[%emt 0:00:06]} O-O {[%emt 0:00:07]} 5. Nc3 {[%emt 0:00:04]} d6 {[%emt 0:00:35]} 6. Nf3 {[%emt 0:00:06]} Nbd7 {[%emt 0:03:45]} 7. O-O {[%emt 0:00:19]} e5 {[%emt 0:00:08]} 8. e4 {[%emt 0:00:05]} exd4 {[%emt 0:00:48]} 9. Nxd4 {[%emt 0:00:06]} Re8 {[%emt 0:00:13]} 10. h3 {[%emt 0:00:27]} Nc5 {[%emt 0:01:08]} 11. Re1 {[%emt 0:00:07]} a5 {[%emt 0:00:37]} 12. Rb1 {[%emt 0:02:28]} Bd7 {[%emt 0:02:42]} 13. Bf4 {[%emt 0:03:44]} Nh5 {[%emt 0:05:19]} 14. Be3 {[%emt 0:00:33]} Nf6 {[%emt 0:02:52]} 15. f3 {[%emt 0:01:18]} c6 {[%emt 0:02:36]} 16. Qd2 {[%emt 0:02:57]} Qc7 {[%emt 0:03:19]} 17. g4 {[%emt 0:00:39]} Rad8 {[%emt 0:07:09]} 18. Kh1 {[%emt 0:02:44]} Ne6 {[%emt 0:09:25]} 19. Qf2 {[%emt 0:01:31]} Qb8 {[%emt 0:08:09]} 20. Rbd1 {[%emt 0:05:25]} Nxd4 {[%emt 0:07:13]} 21. Bxd4 {[%emt 0:00:35]} Be6 {[%emt 0:01:20]} 22. Bf1 {[%emt 0:01:28]} h5 {[%emt 0:10:09]} 23. Qh4 {[%emt 0:02:38]} Nd7 {[%emt 0:04:10]} 24. gxh5 {[%emt 0:00:47]} Ne5 {[%emt 0:07:10]} 25. hxg6 {[%emt 0:05:12]} Nxg6 {[%emt 0:06:01]} 26. Qg5 {[%emt 0:00:29]} Be5 {[%emt 0:01:58]} 27. Be3 {[%emt 0:02:35]} Bd7 {[%emt 0:13:06]} 28. f4 {[%emt 0:05:19]} Bxc3 {[%emt 0:00:33]} 29. bxc3 {[%emt 0:00:05]} Rxe4 {[%emt 0:00:06]} 30. f5 {[%emt 0:06:06]} Re5 {[%emt 0:00:39]} 31. Bd4 {[%emt 0:00:24]} Rxf5 {[%emt 0:01:29]} 32. Qh6 {[%emt 0:00:04]} Re5 {[%emt 0:00:21]} 33. Bd3 {[%emt 0:00:42]} Be8 {[%emt 0:00:21]} 34. Rf1 {[%emt 0:00:30]} c5 {[%emt 0:02:09]} 35. Bxg6 {[%emt 0:00:11]} 1-0

[Event "2nd Gujarat Open 2019"]
[Site "Ahmedabad, Gujarat"]
[Date "2019.09.29"]
[Round "10.4"]
[White "Himanshu, Sharma"]
[Black "Manush Shah"]
[Result "0-1"]
[WhiteElo "2408"]
[BlackElo "2352"]
[Annotator "ChessBase"]
[PlyCount "91"]
[EventDate "2019.09.22"]
[EventType "swiss"]
[EventCountry "IND"]
[SourceTitle "playchess.com"]
[Source "ChessBase"]
[SourceQuality "1"]
[TimeControl "5400+30"]

1. e4 {[%emt 0:00:00]} c6 {[%emt 0:00:28]} 2. d4 {[%emt 0:00:00]} d5 {[%emt 0:00:03]} 3. e5 {[%emt 0:00:00]} Bf5 {[%emt 0:00:04]} 4. Nd2 {[%emt 0:00:00]} e6 {[%emt 0:00:07]} 5. Nb3 {[%emt 0:00:02]} c5 {[%emt 0:00:05]} 6. dxc5 {[%emt 0:00:17]} Bxc5 {[%emt 0:00:03]} 7. Nxc5 {[%emt 0:00:08]} Qa5+ {[%emt 0:00:02]} 8. c3 {[%emt 0:00:08]} Qxc5 {[%emt 0:00:02]} 9. Qa4+ {[%emt 0:00:52]} Nd7 {[%emt 0:02:17]} 10. Nf3 {[%emt 0:05:09]} Ne7 {[%emt 0:01:31]} 11. Bb5 {[%emt 0:04:16]} Qc7 {[%emt 0:01:14]} 12. Bxd7+ {[%emt 0:09:22]} Qxd7 {[%emt 0:00:19]} 13. Qxd7+ {[%emt 0:01:12]} Kxd7 {[%emt 0:00:07]} 14. Nd4 {[%emt 0:00:17]} Bd3 {[%emt 0:02:12]} 15. Bf4 {[%emt 0:00:43]} Nc6 {[%emt 0:02:44]} 16. Kd2 {[%emt 0:06:50]} Ba6 {[%emt 0:02:12]} 17. h4 {[%emt 0:04:22]} Nxd4 {[%emt 0:00:09]} 18. cxd4 {[%emt 0:00:05]} Rac8 {[%emt 0:01:46]} 19. Rac1 {[%emt 0:01:19]} Rxc1 {[%emt 0:00:12]} 20. Rxc1 {[%emt 0:00:08]} Rc8 {[%emt 0:00:05]} 21. Rh1 {[%emt 0:00:45]} Ke7 {[%emt 0:02:14]} 22. h5 {[%emt 0:00:32]} h6 {[%emt 0:03:54]} 23. b3 {[%emt 0:00:27]} Bb5 {[%emt 0:00:38]} 24. g4 {[%emt 0:00:43]} f5 {[%emt 0:03:30]} 25. exf6+ {[%emt 0:00:59]} Kxf6 {[%emt 0:00:06]} 26. Be5+ {[%emt 0:01:04]} Kf7 {[%emt 0:00:29]} 27. f4 {[%emt 0:02:24]} Be8 {[%emt 0:13:23]} 28. g5 {[%emt 0:01:31]} Kf8 {[%emt 0:01:05]} 29. Bd6+ {[%emt 0:03:51]} Kf7 {[%emt 0:01:54]} 30. a4 {[%emt 0:21:28]} Rc6 {[%emt 0:07:31]} 31. Be5 {[%emt 0:00:34]} Kf8 {[%emt 0:00:30]} 32. Rh3 {[%emt 0:00:22]} Bf7 {[%emt 0:01:24]} 33. g6 {[%emt 0:03:47]} Be8 {[%emt 0:00:02]} 34. Re3 {[%emt 0:00:34]} Bd7 {[%emt 0:01:11]} 35. f5 {[%emt 0:02:31]} a6 {[%emt 0:03:14]} 36. f6 {[%emt 0:00:40]} gxf6 {[%emt 0:00:05]} 37. Bxf6 {[%emt 0:00:15]} Kg8 {[%emt 0:04:28]} 38. Be5 {[%emt 0:11:03]} Rc8 {[%emt 0:02:22]} 39. Bd6 {[%emt 0:01:51]} Rc6 {[%emt 0:01:18]} 40. Bf4 {[%emt 0:00:52]} Kg7 {[%emt 0:00:58]} 41. Be5+ {[%emt 0:00:34]} Kg8 {[%emt 0:00:02]} 42. Rf3 {[%emt 0:00:21]} Be8 {[%emt 0:00:34]} 43. a5 {[%emt 0:02:14]} b6 {[%emt 0:03:24]} 44. g7 {[%emt 0:00:27]} Bf7 {[%emt 0:00:03]} 45. Rf6 {[%emt 0:00:11]} Kxg7 {[%emt 0:00:39]} 46. Rxe6+ {[%emt 0:00:03]} 0-1